World perspectives in philosophy, religion, and culture; (Record no. 86721)

MARC details
000 -LEADER
fixed length control field 01037cam a2200277 4500
001 - CONTROL NUMBER
control field sa 68015844
003 - CONTROL NUMBER IDENTIFIER
control field DLC
005 - DATE AND TIME OF LATEST TRANSACTION
control field 20260227112647.0
008 - FIXED-LENGTH DATA ELEMENTS--GENERAL INFORMATION
fixed length control field 700624s1968 ii c b 011 0 eng
010 ## - LIBRARY OF CONGRESS CONTROL NUMBER
LC control number sa 68015844
025 ## - OVERSEAS ACQUISITION NUMBER
Overseas acquisition number PL480:I-E-11098
040 ## - CATALOGING SOURCE
Original cataloging agency DLC
Transcribing agency DLC
Modifying agency DLC
050 00 - LIBRARY OF CONGRESS CALL NUMBER
Classification number AC5
Item number .W63
082 00 - DEWEY DECIMAL CLASSIFICATION NUMBER
Classification number 109
245 00 - TITLE STATEMENT
Title World perspectives in philosophy, religion, and culture;
Remainder of title essays presented to Professor Dhirendra Mohan Datta.
Statement of responsibility, etc. Editor: Ram Jee Singh. Editorial board: A. C. Ewing [and others.
260 ## - PUBLICATION, DISTRIBUTION, ETC.
Place of publication, distribution, etc. Patna]
Name of publisher, distributor, etc. Bharati Bhawan
Date of publication, distribution, etc. [1968]
300 ## - PHYSICAL DESCRIPTION
Extent xxx, 480 p.
Other physical details port.
Dimensions 26 cm.
350 ## - PRICE (NR) (BK AM CF MU VM SE) [OBSOLETE]
Price 50.00
500 ## - GENERAL NOTE
General note "Brought out by the Bihar Darshan Parishad in commemoration of the 70th birthday of Dr. D. M. Datta."
504 ## - BIBLIOGRAPHY, ETC. NOTE
Bibliography, etc. note List of D. M. Datta's works: p. xx-xxiii.
504 ## - BIBLIOGRAPHY, ETC. NOTE
Bibliography, etc. note Includes bibliographical references.
600 10 - SUBJECT ADDED ENTRY--PERSONAL NAME
Personal name Datta, Dhirendra Mohan,
Dates associated with a name 1898-
700 1# - ADDED ENTRY--PERSONAL NAME
Personal name Datta, Dhirendra Mohan,
Dates associated with a name 1898-
700 1# - ADDED ENTRY--PERSONAL NAME
Personal name Singh, Ramjee.
700 1# - ADDED ENTRY--PERSONAL NAME
Personal name Ewing, A. C.
Fuller form of name (Alfred Cyril),
Dates associated with a name 1899-1973,
Relator term ed.

No items available.

Powered by Koha